Casi autobiografía de la madre María Oliva Reina. (Record no. 126066)

MARC details
000 -LEADER
campo de control de longitud fija 00539nam a2200169 i 4500
001 - NÚMERO DE CONTROL
campo de control 126066
003 - IDENTIFICADOR DE NÚMERO DE CONTROL
campo de control ES-MaACL
005 - FECHA Y HORA DE LA ÚLTIMA TRANSACCIÓN
campo de control 20230906192741.0
007 - CAMPO FIJO DE DESCRIPCIÓN FÍSICA--INFORMACIÓN GENERAL
campo de control de longitud fija t|
008 - DATOS DE LONGITUD FIJA--INFORMACIÓN GENERAL
campo de control de longitud fija 070214s1966 sp |||| |aspa d
100 1# - ENTRADA PRINCIPAL--NOMBRE DE PERSONA
Nombre de persona Reina, María Oliva.
9 (RLIN) 96028
245 10 - MENCIÓN DEL TÍTULO
Título Casi autobiografía de la madre María Oliva Reina.
260 ## - PUBLICACIÓN, DISTRIBUCIÓN, ETC.
Lugar de publicación, distribución, etc. Puerto de Santa María [Cádiz] :
Nombre del editor, distribuidor, etc. [s. n.],
Fecha de publicación, distribución, etc. 1966 (
Lugar de fabricación/manufactura Jerez :
Fabricante Imp. Jerez Industrial)
300 ## - DESCRIPCIÓN FÍSICA
Extensión 198 p., 1 lám. :
Otras características físicas il. ;
Dimensiones 19 cm.
600 14 - PUNTO DE ACCESO ADICIONAL DE MATERIA--NOMBRE DE PERSONA
Nombre de persona Reina, María Oliva.
9 (RLIN) 96028
852 ## - LOCALIZACIÓN
Ubicación ES-MaACL
Número de control de estantería C-29909
Holdings
Estatus retirado Estado de pérdida Estado de daño No para préstamo Biblioteca de origen Biblioteca actual Ubicación en estantería Fecha de adquisición Fuente de adquisición Total de préstamos Signatura topográfica completa Código de barras Visto por última vez Precio de reemplazo Tipo de ítem Koha
        Biblioteca del Ateneo de Madrid Biblioteca del Ateneo de Madrid Depósito 2 17/01/2008     C-29909 1131313 23/02/2023 23/02/2023 Libro impreso